| 000 | 01961nam a2200229Ia 4500 | ||
|---|---|---|---|
| 003 | OSt | ||
| 005 | 20260420170117.0 | ||
| 008 | 160316s2006 xxu||||| |||| 00| 0 eng d | ||
| 020 | _a9780195686500 (hbk) | ||
| 082 | _a330.1 MIR | ||
| 100 | _aMirrlees James A. | ||
| 245 |
_aWelfare, incentives, and taxation / _cJames A. Mirrlees |
||
| 260 |
_aNew Delhi : _bOxford University Press, _c2006. |
||
| 300 |
_axii, 565 p. ; _c22 cm. |
||
| 365 | _bRs. 775.00 | ||
| 505 | _aPart I: Welfare Economics; 1:Information and Incentives: The Economics of Carrots and Sticks; 2:Notes on Welfare Economics, Information, and Uncertainty; 3:The Desirability of Natural Resource Depletion, with John A. Kay; 4:The Economic Uses of Utilitarianism; 5:Welfare Economics and Economies of Scale; Part II: Tax Theory; 6:An Exploration in the Theory of Optimum Income Taxation; 7:On Producer Taxation; 8:The Optimum Town; 9:Population Policy and the Taxation of Family Size; 10:Optimal Tax Theory: A Synthesis; 11:The Theory of Optimal Taxation; 12:Migration and Optimal Income Taxes; 13:Taxing Uncertain Incomes; Part III: Public Expenditure; 14:Arguments for Public Expenditure; 15:Optimal Taxation and Government Finance; Part IV: Contract Theory; 16:The Optimal Structure of Incentives and Authority within an Organization; 17:The Theory of Moral Hazard and Unobservable Behaviour: Part I; Part V: Growth Theory; 18:The Dynamic Nonsubstitution Theorem; 19:Agreeable Plans, with Peter J. Hammond; 20:Fairly Good Plans, With Avinash Dixit and Nicholas Stern; 21:Optimum Saving with Economies of Scale; Part VI: Development Economics; 22:A Pure Theory of Underdeveloped Economies; 23:Project Appraisal and Planning Twenty Years On: Appendix, With Ian Little. | ||
| 650 | _aWelfare Economics - Finance - Public | ||
| 650 | _aWelfare Economics - Mathematical Models | ||
| 650 | _aDevelopment Economics | ||
| 700 |
_a _a |
||
| 942 |
_2ddc _cBK |
||
| 999 |
_c35963 _d35963 |
||